Untersuchungen zur Bewusstseinkonzeption bei Ch.S. Peirce /

Hlavní autor: Karger, Angelika
Korporativní autor: Universität Stuttgart
Jazyk: Němčina
Vydáno: Stuttgart : A. Karger, 1982
Fyzický popis: 197 stran ; 21 cm
Knihy
Uloženo v:
LEADER 00830nam a22002532i 4500
001 001508090
003 CZ BrMZK
005 20160624100159.0
007 ta
008 160129s1982 gw er|||||||||||ger d
040 |a BOA001  |b cze  |e rda 
100 1 |a Karger, Angelika  |4 dis 
245 1 0 |a Untersuchungen zur Bewusstseinkonzeption bei Ch.S. Peirce /  |c Angelika Karger 
264 1 |a Stuttgart :  |b A. Karger,  |c 1982 
300 |a 197 stran ;  |b 21 cm 
336 |a text  |b txt  |2 rdacontent 
337 |a bez média  |b n  |2 rdamedia 
338 |a svazek  |b nc  |2 rdacarrier 
502 |a Disertace--Universität Stuttgart, 1982 
710 2 |a Universität Stuttgart  |7 mzk2004216334  |4 isb 
910 |a BOA001  |b M2-0913.833 
990 |a BK 
991 |b 201601 
996 7 |b 2619146944  |c M2-0913.833  |l MZK  |r Sklad / do 24 hodin  |n 0  |w 001543241  |u 000010  |a 1  |e BOA001  |j MZK50  |s A